Music Quiz

Random Music or Clickable Quiz

Song Occupations Quiz Stats

 Plays Quiz Updated Jun 8, 2015

Challenge
Share
Tweet
Embed
Score 0/20 Timer 05:00
9 Plays Today
% Correct
Sheriff
97.1%
Preacher
92.2%
Teacher
88.7%
Surfer
88.3%
Writer
87%
Postman
85.6%
Soldier
84.7%
Clown
84.3%
President
81.7%
Coal Miner
80.9%
% Correct
Dancer
78.9%
Surgeon
78.3%
Lumberjack
72.7%
Maid
66%
Lineman
63.7%
Secret Agent
62.8%
Sailor
61.3%
Carpenter
59.9%
Barber
57.4%
Detective
47.1%

You're not logged in!

Compare scores with friends on all Sporcle quizzes.
OR
Log In

You Might Also Like...

Show Comments

Extras

Top Quizzes Today


Score Distribution

Your Account Isn't Verified!

In order to create a playlist on Sporcle, you need to verify the email address you used during registration. Go to your Sporcle Settings to finish the process.

Report this User

Report this user for behavior that violates our Community Guidelines.

Details: